Investigación innovación
La presentación de este número es motivar el debate en relación con un tema que es vital, cuando se trata la calidad de la incidencia político pedagógica de la educación popular.
Guardat en:
| Autor corporatiu: | |
|---|---|
| Format: | Llibre |
| Idioma: | Spanish |
| Publicat: |
Bogotá:
Consejo de educación de adultos en América Latina,
1988
|
| Col·lecció: | Materiales para la formación de educadores desde la educación popular;
No. 4 |
| Matèries: | |
| Accés en línia: | Enlace del recurso |
| Etiquetes: |
Afegir etiqueta
Sense etiquetes, Sigues el primer a etiquetar aquest registre!
|
MARC
| LEADER | 00000nam a2200000 a 4500 | ||
|---|---|---|---|
| 001 | 001182 | ||
| 008 | 030613s1988 ck # fr# #000|0#spa#d | ||
| 041 | 0 | |a spa | |
| 043 | |a s-ck--- | ||
| 082 | 0 | 4 | |a 370.78 |b O631i |
| 110 | 2 | |a Consejo de educación de adultos en América Latina | |
| 245 | 1 | 0 | |a Investigación innovación |c Consejo de educación de adultos en América Latina |
| 260 | |a Bogotá: |b Consejo de educación de adultos en América Latina, |c 1988 | ||
| 300 | |a 71 p. | ||
| 440 | 0 | |a Materiales para la formación de educadores desde la educación popular; |v No. 4 | |
| 520 | 3 | |a La presentación de este número es motivar el debate en relación con un tema que es vital, cuando se trata la calidad de la incidencia político pedagógica de la educación popular. | |
| 650 | 1 | 4 | |a INVESTIGACIÓN EDUCATIVA |
| 650 | 1 | 4 | |a EDUCACIÓN Y ESTADO |
| 999 | |c 3334 |d 3334 | ||
| 856 | |u https://catalogo.idep.edu.co/cgi-bin/koha/opac-detail.pl?biblionumber=3334 |z Enlace del recurso | ||